[Event "20th EUR-ch"]
[Site "Skopje MKD"]
[Date "2019.03.19"]
[Round "2"]
[White "Dimitrov, Radoslav"]
[Black "Heinemann, Josefine"]
[Result "1-0"]
[WhiteElo "2533"]
[BlackElo "2238"]
[EventDate "2019.03.18"]
[Board "117"]
[PlyCount "57"]

1.e4 e5 2.Nf3 Nc6 3.Nc3 Nf6 4.Bb5 Nd4 5.Bc4 Bc5 6.d3 Nxf3+ 7.Qxf3 O-O 8.g4
d5 9.Nxd5 Nxg4 10.h3 Nxf2 11.Rh2 Qh4 12.Rxf2 Bxf2+ 13.Qxf2 Qxh3 14.Be3 
Qh1+ 15.Qg1 Qxg1+ 16.Bxg1 c6 17.Nc7 Rb8 18.Bxa7 Bd7 19.Bxb8 Rxb8 20.Ke2 
Kf8 21.Rf1 Ke7 22.Rxf7+ Kd6 23.Rxg7 h5 24.Rh7 h4 25.Ne6 Bxe6 26.Rh6 Re8 
27.Ke3 h3 28.Kf2 h2 29.Kg2 1-0

[Event "20th EUR-ch"]
[Site "Skopje MKD"]
[Date "2019.03.19"]
[Round "2"]
[White "Nasuta, Grzegorz"]
[Black "Sukovic, Andrej"]
[Result "1-0"]
[WhiteElo "2517"]
[BlackElo "2235"]
[EventDate "2019.03.18"]
[Board "119"]
[PlyCount "65"]

1.e4 c5 2.Nf3 d6 3.d4 cxd4 4.Nxd4 Nf6 5.Nc3 a6 6.Nb3 g6 7.Be2 Bg7 8.Be3 
Nc6 9.Nd5 Nxd5 10.exd5 Ne5 11.Bd4 Bh6 12.g3 O-O 13.f4 Nd7 14.Bf3 Nf6 15.
Qe2 Bd7 16.O-O-O a5 17.Kb1 b5 18.Nc1 b4 19.h4 a4 20.g4 Bg7 21.h5 b3 22.
cxb3 axb3 23.Nxb3 Qc8 24.f5 gxh5 25.Bxf6 Bxf6 26.Rxh5 Qb7 27.g5 Be5 28.Qd3
Bb5 29.Qe4 Ra4 30.Rd4 Rxd4 31.Nxd4 Bxd4 32.Qxd4 Rb8 33.Be4 1-0

[Event "20th EUR-ch"]
[Site "Skopje MKD"]
[Date "2019.03.19"]
[Round "2"]
[White "Sadikhov, Ulvi"]
[Black "Milikow, Elie"]
[Result "1-0"]
[WhiteElo "2488"]
[BlackElo "2226"]
[EventDate "2019.03.18"]
[Board "120"]
[PlyCount "125"]

1.Nf3 Nf6 2.g3 g6 3.Bg2 Bg7 4.O-O d5 5.d3 O-O 6.Nbd2 c5 7.Re1 Nc6 8.e4 
dxe4 9.dxe4 Qc7 10.c3 e5 11.Qc2 h6 12.Nc4 Be6 13.Ne3 Rad8 14.Nh4 Ne7 15.
Rf1 Nh5 16.Qe2 Kh7 17.Nhf5 Nf6 18.Nxg7 Kxg7 19.f4 Bd7 20.f5 Bc6 21.Ng4 
Neg8 22.Nxf6 Nxf6 23.Qe3 Rh8 24.fxg6 fxg6 25.Qxc5 Qb6 26.Qxb6 axb6 27.Re1 
Rd7 28.Be3 b5 29.Rad1 Rxd1 30.Rxd1 Nxe4 31.Bb6 Re8 32.Be3 g5 33.a3 Kf7 34.
Bf1 Nf6 35.c4 bxc4 36.Bxc4+ Kg7 37.h3 Bd7 38.g4 Rc8 39.Bb3 Rc6 40.a4 Be6 
41.Bxe6 Rxe6 42.a5 Kf7 43.Rd8 Re8 44.Rxe8 Kxe8 45.b4 Nd5 46.Bc5 e4 47.Kf2 
Nf4 48.Ke3 Nxh3 49.Kxe4 Nf4 50.Be3 Ne6 51.Ke5 Kd7 52.Kf5 Nc7 53.Kg6 Nd5 
54.Bc5 Nf4+ 55.Kxh6 Nh3 56.b5 Nf4 57.Be3 Ne6 58.Kg6 Nf4+ 59.Kxg5 Nd5 60.
Bd2 Nc7 61.b6 Ne6+ 62.Kh6 Nc5 63.g5 1-0

[Event "20th EUR-ch"]
[Site "Skopje MKD"]
[Date "2019.03.19"]
[Round "2"]
[White "Martinov, Levko"]
[Black "Bakalchuk, Johnatan"]
[Result "0-1"]
[WhiteElo "2225"]
[BlackElo "2471"]
[EventDate "2019.03.18"]
[Board "121"]
[PlyCount "62"]

1.Nf3 Nf6 2.g3 g6 3.Bg2 Bg7 4.c4 O-O 5.O-O d6 6.d4 Nc6 7.Nc3 a6 8.b3 Rb8 
9.Bb2 b5 10.cxb5 axb5 11.Ne1 Na7 12.Nd3 b4 13.Nd5 Nxd5 14.Bxd5 c6 15.Bg2 
Qb6 16.e3 Rd8 17.Qd2 Ba6 18.Rfd1 c5 19.Ne1 Nb5 20.Nf3 Bb7 21.dxc5 dxc5 22.
Qc2 Be4 23.Rxd8+ Rxd8 24.Qxe4 Bxb2 25.Rf1 Bf6 26.Qc2 Qd6 27.Rc1 Nc3 28.h4 
Ra8 29.a4 bxa3 30.Nd4 cxd4 31.Bxa8 d3 0-1

[Event "20th EUR-ch"]
[Site "Skopje MKD"]
[Date "2019.03.19"]
[Round "2"]
[White "Sahin, Ozgun"]
[Black "Haldorsen, Benjamin"]
[Result "0-1"]
[WhiteElo "2221"]
[BlackElo "2448"]
[EventDate "2019.03.18"]
[Board "122"]
[PlyCount "90"]

1.e4 e5 2.Nf3 Nc6 3.d4 exd4 4.Bc4 Nf6 5.Ng5 d5 6.exd5 Qe7+ 7.Qe2 Qxe2+ 8.
Kxe2 Ne5 9.Bb3 h6 10.f4 Bg4+ 11.Nf3 Nxf3 12.gxf3 Bd7 13.Nd2 O-O-O 14.c4 
dxc3 15.bxc3 Bf5 16.c4 Bb4 17.Bb2 Rhe8+ 18.Kd1 Nh5 19.Bc2 Bxc2+ 20.Kxc2 
Re2 21.Rad1 c6 22.Rhe1 Rxe1 23.Rxe1 cxd5 24.Re5 Nxf4 25.Rf5 Bxd2 26.Kxd2 
dxc4+ 27.Kc2 Nd5 28.Rxf7 g5 29.Bg7 Rd6 30.Rf8+ Kd7 31.Rh8 Ne3+ 32.Kc3 Nf5 
33.Bf8 Rc6 34.Rh7+ Kc8 35.Rf7 Nh4 36.a4 Ra6 37.Kb4 c3 38.Kxc3 Rxa4 39.Bxh6
Ra3+ 40.Kb4 Rxf3 41.Rg7 Rf4+ 42.Kb3 Nf3 43.Bxg5 Rg4 44.Bf6 Rxg7 45.Bxg7 
Nxh2 0-1

[Event "20th EUR-ch"]
[Site "Skopje MKD"]
[Date "2019.03.19"]
[Round "2"]
[White "Muradli, Mahammad"]
[Black "Tadic, Stefan"]
[Result "1-0"]
[WhiteElo "2444"]
[BlackElo "2223"]
[EventDate "2019.03.18"]
[Board "123"]
[PlyCount "55"]

1.Nf3 Nf6 2.c4 e6 3.Nc3 d5 4.d4 c5 5.cxd5 cxd4 6.Qxd4 exd5 7.e4 Nc6 8.Bb5 
dxe4 9.Qxd8+ Kxd8 10.Ng5 Be6 11.Nxe6+ fxe6 12.Bxc6 bxc6 13.Bg5 Bb4 14.
O-O-O+ Kc7 15.Bxf6 gxf6 16.Nxe4 Rag8 17.g3 f5 18.Nf6 Rg6 19.Rd7+ Kb6 20.
Rf7 Ka6 21.Nd7 Rg4 22.f4 Rgg8 23.a3 Bf8 24.Re1 Bh6 25.Rxe6 Rg6 26.Nc5+ Kb5
27.Re5 Kc4 28.Rd7 1-0

[Event "20th EUR-ch"]
[Site "Skopje MKD"]
[Date "2019.03.19"]
[Round "2"]
[White "Perunovic, Miodrag"]
[Black "Tifferet, Shaked"]
[Result "1-0"]
[WhiteElo "2436"]
[BlackElo "2219"]
[EventDate "2019.03.18"]
[Board "124"]
[PlyCount "68"]

1.e4 e5 2.Nf3 Nc6 3.Nc3 Nf6 4.Bb5 Bc5 5.Nxe5 Nxe5 6.d4 Bd6 7.f4 Neg4 8.e5 
Bb4 9.O-O O-O 10.f5 d5 11.h3 c6 12.hxg4 Bxc3 13.bxc3 cxb5 14.Bg5 h6 15.Bh4
Qb6 16.exf6 gxf6 17.Qd2 Kg7 18.Kf2 Bd7 19.Rh1 Rh8 20.Bg3 h5 21.g5 Bxf5 22.
gxf6+ Kf8 23.Qg5 Bg6 24.Rae1 b4 25.Be5 Rc8 26.g4 Rxc3 27.gxh5 Rxc2+ 28.Kg3
Rc3+ 29.Kf4 Be4 30.Qg7+ Ke8 31.Qxh8+ Kd7 32.Qf8 Rf3+ 33.Kg5 Rf5+ 34.Kg4 
Rxf6 1-0

[Event "20th EUR-ch"]
[Site "Skopje MKD"]
[Date "2019.03.19"]
[Round "2"]
[White "Uzumcu, Ahmet Utku"]
[Black "Kourkoulos-Arditis, Stamatis"]
[Result "0-1"]
[WhiteElo "2211"]
[BlackElo "2435"]
[EventDate "2019.03.18"]
[Board "125"]
[PlyCount "87"]

1.e4 e6 2.d4 d5 3.Nd2 Be7 4.Bd3 c5 5.dxc5 Nf6 6.Qe2 O-O 7.Ngf3 a5 8.O-O 
Na6 9.e5 Nd7 10.c4 Naxc5 11.Bc2 dxc4 12.Nxc4 b5 13.Nd6 Nxe5 14.Nxb5 Nxf3+ 
15.Qxf3 Bb7 16.Qh5 g6 17.Qh3 Qb6 18.a4 Ba6 19.Bd2 Bf6 20.Bc3 Bxc3 21.Qxc3 
Rfc8 22.Qe5 Bxb5 23.axb5 Qxb5 24.Ra3 Rab8 25.Rb1 Qb4 26.g3 Rd8 27.Rc3 Rd5 
28.Qf6 Nd7 29.Qf3 Rd8 30.Bb3 Rd4 31.Rbc1 a4 32.Bc2 Ne5 33.Qe3 Nc4 34.Qh6 
Nxb2 35.Rf3 Qd2 36.Qxd2 Rxd2 37.Rc3 Nd1 38.Ra3 Nxf2 39.Rxa4 Nh3+ 40.Kh1 
Rf2 41.Rd1 Rxd1+ 42.Bxd1 Rf1+ 43.Kg2 Rxd1 44.Kxh3 0-1

[Event "20th EUR-ch"]
[Site "Skopje MKD"]
[Date "2019.03.19"]
[Round "2"]
[White "Eric, Jovana"]
[Black "Tomazini, Zan"]
[Result "1-0"]
[WhiteElo "2205"]
[BlackElo "2431"]
[EventDate "2019.03.18"]
[Board "126"]
[PlyCount "75"]

1.e4 g6 2.d4 Bg7 3.Nc3 d6 4.Be3 a6 5.Nf3 b5 6.Bd3 Bb7 7.O-O Nd7 8.a4 b4 9.
Ne2 c5 10.c3 Ngf6 11.Ng3 bxc3 12.bxc3 O-O 13.h3 Qc7 14.a5 c4 15.Bc2 e5 16.
Qd2 Bc6 17.d5 Bb5 18.Bh6 Qd8 19.Qe3 Rc8 20.Nh4 Bxh6 21.Qxh6 Kh8 22.Nf3 Ng8
23.Qe3 Nc5 24.Rfb1 Qd7 25.Ne2 f5 26.exf5 gxf5 27.Qg5 Ne7 28.Ng3 Nd3 29.Nh4
Rf7 30.Qh5 Rg8 31.Bxd3 cxd3 32.Rb4 Qc8 33.c4 Qc5 34.Rab1 Bxc4 35.Rb8 Qxd5 
36.Ngxf5 e4 37.Qh6 Qe5 38.Nxe7 1-0

[Event "20th EUR-ch"]
[Site "Skopje MKD"]
[Date "2019.03.19"]
[Round "2"]
[White "Schnabel, Ralf"]
[Black "Banzea, Alexandru-Bogdan"]
[Result "1/2-1/2"]
[WhiteElo "2205"]
[BlackElo "2427"]
[EventDate "2019.03.18"]
[Board "127"]
[PlyCount "97"]

1.e4 c5 2.Nf3 d6 3.d4 cxd4 4.Nxd4 Nf6 5.Nc3 a6 6.a4 e5 7.Nf3 h6 8.Bc4 Be6 
9.Qd3 Qc7 10.Nd5 Nxd5 11.Bxd5 Bxd5 12.Qxd5 Nd7 13.Qd3 Rc8 14.c3 Be7 15.O-O
O-O 16.Be3 Qc6 17.Nd2 Nf6 18.c4 a5 19.b3 Rfe8 20.Rad1 Bd8 21.Rfe1 Kh7 22.
f3 Nd7 23.Nb1 Nc5 24.Bxc5 Qxc5+ 25.Kh1 Rc6 26.Nc3 g6 27.Qc2 Qa7 28.Rd5 Bb6
29.Red1 Bc5 30.Nb5 Qb6 31.Qd3 Re6 32.g3 Qd8 33.Kg2 Qe7 34.Qc2 Kg7 35.Qd3 
h5 36.Qe2 f5 37.R5d3 f4 38.gxf4 exf4 39.Nd4 Re5 40.Kh1 Kh7 41.Qd2 Rc8 42.
Qxf4 Rf8 43.Qg3 Rg5 44.Qh3 Re5 45.Nb5 Qf6 46.Nc7 Qf7 47.Nb5 Qf6 48.Nc7 Rf7
49.Nb5 1/2-1/2

[Event "20th EUR-ch"]
[Site "Skopje MKD"]
[Date "2019.03.19"]
[Round "2"]
[White "Parvanian, Ashot"]
[Black "Stoinev, Metodi"]
[Result "1-0"]
[WhiteElo "2426"]
[BlackElo "2215"]
[EventDate "2019.03.18"]
[Board "128"]
[PlyCount "49"]

1.e4 e5 2.Nf3 d6 3.d4 exd4 4.Nxd4 Nf6 5.Nc3 Be7 6.g3 Nc6 7.Bg2 Nxd4 8.Qxd4
O-O 9.O-O c6 10.b3 Be6 11.Bb2 Qc8 12.Rfe1 Rd8 13.Nd5 Bxd5 14.exd5 Bf8 15.
dxc6 bxc6 16.c4 a5 17.Rad1 d5 18.Qh4 Qf5 19.cxd5 cxd5 20.Bxf6 gxf6 21.Rd4 
Bg7 22.Red1 Kf8 23.Bxd5 Ra7 24.Be6 Rxd4 25.Qxd4 1-0

[Event "20th EUR-ch"]
[Site "Skopje MKD"]
[Date "2019.03.19"]
[Round "2"]
[White "Kacharava, Nikolozi"]
[Black "Ongut, Tamas Gunes"]
[Result "1-0"]
[WhiteElo "2424"]
[BlackElo "2197"]
[EventDate "2019.03.18"]
[Board "129"]
[PlyCount "43"]

1.e4 e5 2.Nf3 Nc6 3.Bb5 a6 4.Ba4 Nf6 5.O-O Be7 6.Re1 b5 7.Bb3 O-O 8.h3 Bb7
9.d3 d6 10.a3 Qd7 11.Nc3 h6 12.Bd2 Rfe8 13.Nd5 Nxd5 14.exd5 Nb8 15.d4 exd4
16.Nxd4 c5 17.dxc6 Nxc6 18.Qh5 Bg5 19.Bc3 Nxd4 20.Bxd4 Rxe1+ 21.Rxe1 Re8 
22.Qxf7+ 1-0

[Event "20th EUR-ch"]
[Site "Skopje MKD"]
[Date "2019.03.19"]
[Round "2"]
[White "Tomerlin, Sinisa"]
[Black "Hnydiuk, Aleksander"]
[Result "0-1"]
[WhiteElo "2192"]
[BlackElo "2417"]
[EventDate "2019.03.18"]
[Board "130"]
[PlyCount "64"]

1.e4 c5 2.Nf3 Nc6 3.d3 g6 4.g3 Bg7 5.Bg2 e5 6.Nc3 Nge7 7.Nd2 d6 8.Nc4 Be6 
9.Ne3 O-O 10.Ned5 Rb8 11.a4 Nb4 12.h4 Nexd5 13.exd5 Bd7 14.Bg5 f6 15.Bd2 
f5 16.h5 Qe7 17.hxg6 hxg6 18.O-O Bf6 19.Nb5 a6 20.Na3 e4 21.dxe4 Bxb2 22.
Bh6 Rfe8 23.exf5 Bxf5 24.Bf4 Qf6 25.c3 Bxc3 26.Rc1 Nd3 27.Rxc3 Nxf4 28.Rc4
Ne2+ 29.Kh2 g5 30.Bh3 Bxh3 31.Kxh3 Qf3 32.Rg4 Kf7 0-1

[Event "20th EUR-ch"]
[Site "Skopje MKD"]
[Date "2019.03.19"]
[Round "2"]
[White "Megalios, Konstantinos"]
[Black "Karaoglan, Doruk"]
[Result "0-1"]
[WhiteElo "2416"]
[BlackElo "2197"]
[EventDate "2019.03.18"]
[Board "131"]
[PlyCount "100"]

1.d4 Nf6 2.Nf3 g6 3.Bg5 Bg7 4.Nbd2 O-O 5.e3 d5 6.Be2 Nbd7 7.O-O c5 8.c3 b6
9.a4 a6 10.b4 c4 11.b5 a5 12.Qb1 Bb7 13.Bd1 Qe8 14.Qb2 e5 15.Nxe5 Nxe5 16.
dxe5 Nd7 17.Bf6 Nxf6 18.exf6 Bxf6 19.Bf3 Rc8 20.Rfd1 Qe7 21.Nf1 Qb4 22.Qc2
Qxc3 23.Qxc3 Bxc3 24.Rac1 Bb2 25.Rc2 c3 26.Rd4 Rc5 27.Ng3 Rfc8 28.Be2 R8c7
29.Bd3 Bc8 30.Kf1 Be6 31.Ke2 Rc8 32.h4 R5c7 33.Kd1 Ba3 34.Be2 Bc5 35.Rd3 
Bd6 36.f4 Be7 37.f5 gxf5 38.Bf3 Rc4 39.Bxd5 Rxa4 40.Bxe6 fxe6 41.Rdxc3 
Rxc3 42.Rxc3 Bc5 43.Ke2 Rb4 44.Rd3 Rxb5 45.Rd7 Ba3 46.Nh5 Bb2 47.Ra7 Be5 
48.Kf3 Rb4 49.Re7 a4 50.Rxe6 Rb5 0-1

[Event "20th EUR-ch"]
[Site "Skopje MKD"]
[Date "2019.03.19"]
[Round "2"]
[White "Ivic, Mateo"]
[Black "Tica, Sven"]
[Result "0-1"]
[WhiteElo "2183"]
[BlackElo "2416"]
[EventDate "2019.03.18"]
[Board "132"]
[PlyCount "96"]

1.e4 c6 2.d4 d5 3.e5 Bf5 4.Nc3 Qc7 5.g4 Bd7 6.f4 e6 7.Be3 a6 8.Nf3 h5 9.
gxh5 Nh6 10.Bh3 c5 11.dxc5 Bxc5 12.Bxc5 Qxc5 13.Qd4 Qa5 14.O-O-O Nc6 15.
Qg1 O-O-O 16.Nd4 Qb4 17.a3 Qe7 18.Qg3 Nxd4 19.Rxd4 Bc6 20.Rhd1 Kb8 21.Kb1 
Ka8 22.R1d3 f5 23.exf6 Qxf6 24.Rb4 Nf7 25.Re3 Rd6 26.Ne2 Rxh5 27.Rb6 d4 
28.Reb3 Bb5 29.Rxd6 Nxd6 30.Bg4 Ne4 31.Qe1 Rxh2 32.Bf3 Bc6 33.Rd3 Nc5 34.
Bxc6 Nxd3 35.Qa5 Nc5 36.Bf3 Rf2 37.Qxc5 Rxf3 38.Qc8+ Ka7 39.Qc5+ Kb8 40.
Nxd4 Rf1+ 41.Ka2 Rxf4 42.Qd6+ Kc8 43.Nxe6 Rc4 44.Qd5 Rxc2 45.Nd4 Rc7 46.
Qg8+ Qd8 47.Qe6+ Kb8 48.Qe5 Qf6 0-1

[Event "20th EUR-ch"]
[Site "Skopje MKD"]
[Date "2019.03.19"]
[Round "2"]
[White "Gaehwiler, Gabriel"]
[Black "Martinkus, Rolandas"]
[Result "1-0"]
[WhiteElo "2414"]
[BlackElo "2185"]
[EventDate "2019.03.18"]
[Board "133"]
[PlyCount "61"]

1.d4 d6 2.g3 Nd7 3.Bg2 e5 4.c4 Be7 5.Nc3 h5 6.h3 exd4 7.Qxd4 Bf6 8.Qd2 Nc5
9.Nd5 Be6 10.Nf3 Qd7 11.Nd4 Bxd5 12.cxd5 Qa4 13.e3 a5 14.O-O Ne7 15.b3 Qb4
16.Qe2 Kf8 17.Bb2 Ng6 18.Nc2 Qb6 19.Bxf6 gxf6 20.Nd4 Ne7 21.Rab1 Qa6 22.
Qf3 Rh6 23.Rfd1 Nd7 24.Rbc1 Qb6 25.Qf4 Kg7 26.Rc2 Ne5 27.Rdc1 c5 28.dxc6 
bxc6 29.Rxc6 N7xc6 30.Rxc6 Qb4 31.Rc7 1-0

[Event "20th EUR-ch"]
[Site "Skopje MKD"]
[Date "2019.03.19"]
[Round "2"]
[White "Jandric, Damjan"]
[Black "Erdogdu, Mert"]
[Result "1-0"]
[WhiteElo "2171"]
[BlackElo "2413"]
[EventDate "2019.03.18"]
[Board "134"]
[PlyCount "143"]

1.e4 c5 2.Nf3 d6 3.Bb5+ Nc6 4.O-O Bd7 5.Re1 Nf6 6.h3 Ne5 7.Bxd7+ Nfxd7 8.
d3 g6 9.c3 Bg7 10.Be3 O-O 11.Nxe5 Nxe5 12.f4 Nc6 13.Nd2 b5 14.Nf3 b4 15.
Qd2 bxc3 16.bxc3 Qa5 17.Rac1 Rab8 18.Re2 Qb5 19.d4 Na5 20.Bf2 cxd4 21.cxd4
Rfc8 22.Rxc8+ Rxc8 23.d5 Rc3 24.Bxa7 Nc4 25.Qe1 Qa4 26.Qf2 Ra3 27.Bd4 Rxf3
28.gxf3 Qd1+ 29.Re1 Qxd4 30.Qxd4 Bxd4+ 31.Kg2 Na3 32.Rc1 Kg7 33.Rc7 Kf6 
34.Rb7 h6 35.Kf1 e6 36.dxe6 fxe6 37.Ke2 g5 38.Kd3 Bc5 39.fxg5+ hxg5 40.Rh7
d5 41.exd5 exd5 42.h4 gxh4 43.Rxh4 Ke6 44.Rh6+ Kd7 45.f4 Nc4 46.Rg6 Bd6 
47.Kd4 Bxf4 48.Kxd5 Nd6 49.Rg7+ Kc8 50.Kc6 Kb8 51.a4 Nc8 52.Rg8 Be5 53.Kd7
Kb7 54.Rxc8 Kb6 55.Rc6+ Kb7 56.Rc4 Bg3 57.Rb4+ Ka6 58.Rb5 Bf2 59.Kc6 Ka7 
60.Rd5 Be3 61.Re5 Bf2 62.Rg5 Bd4 63.Kb5 Be3 64.Rg7+ Ka8 65.a5 Bd4 66.Rf7 
Bg1 67.Ka6 Bh2 68.Rf8+ Bb8 69.Kb5 Ka7 70.a6 Be5 71.Rf7+ Ka8 72.a7 1-0

[Event "20th EUR-ch"]
[Site "Skopje MKD"]
[Date "2019.03.19"]
[Round "2"]
[White "Ioannidis, Evgenios"]
[Black "Veleski, Robert"]
[Result "1-0"]
[WhiteElo "2412"]
[BlackElo "2177"]
[EventDate "2019.03.18"]
[Board "135"]
[PlyCount "43"]

1.d4 g6 2.e4 Bg7 3.Nc3 d6 4.f4 a6 5.Nf3 b5 6.Bd3 Bb7 7.O-O Nf6 8.e5 Nd5 9.
a4 b4 10.Ne4 O-O 11.f5 c5 12.Nfg5 dxe5 13.fxg6 Nf4 14.Rxf4 exf4 15.Qh5 
Qxd4+ 16.Nf2 Bh6 17.gxf7+ Kh8 18.Qxh6 Qg7 19.Qxg7+ Kxg7 20.Ne6+ Kxf7 21.
Nxf8 Kxf8 22.Bxf4 1-0

[Event "20th EUR-ch"]
[Site "Skopje MKD"]
[Date "2019.03.19"]
[Round "2"]
[White "Fernandes, Antonio"]
[Black "De Seroux, Camille"]
[Result "1/2-1/2"]
[WhiteElo "2405"]
[BlackElo "2160"]
[EventDate "2019.03.18"]
[Board "136"]
[PlyCount "142"]

1.d4 Nf6 2.Bg5 d5 3.Nf3 c5 4.Bxf6 gxf6 5.Nc3 Nc6 6.e3 Bg4 7.Be2 e6 8.O-O 
Rc8 9.Qd2 Bd6 10.Rfd1 cxd4 11.Nxd4 Rg8 12.Bxg4 Rxg4 13.Qe2 f5 14.h3 Qh4 
15.Kf1 Nxd4 16.exd4 Kf8 17.Qe3 Rg6 18.Rd3 Bb8 19.Qf3 Kg7 20.Rc1 Kh8 21.Ke2
b5 22.Kd1 b4 23.Ne2 Qe4 24.g3 Qxf3 25.Rxf3 Rc4 26.a3 a5 27.Kd2 Rg8 28.axb4
axb4 29.Rb3 Rgc8 30.c3 Bd6 31.Ra1 Kg7 32.Nc1 Kf6 33.Nd3 bxc3+ 34.bxc3 R8c7
35.Ra6 R7c6 36.Ra5 Rc8 37.Ra6 R8c6 38.Rbb6 Rxb6 39.Rxb6 Ke7 40.Ra6 Rc7 41.
g4 fxg4 42.hxg4 Rc8 43.Ra7+ Kf6 44.Rd7 Bb8 45.f4 h6 46.Ne5 Bxe5 47.dxe5+ 
Kg6 48.Rd6 Rc4 49.f5+ Kg5 50.fxe6 fxe6 51.Rxe6 Rxg4 52.Rd6 Re4 53.Rxd5 Kf5
54.e6+ Kf6 55.Kd3 Rxe6 56.c4 Kg6 57.c5 h5 58.Kc4 h4 59.Kb5 Re2 60.c6 h3 
61.Rd6+ Kg5 62.Rd5+ Kf4 63.Rd4+ Kg3 64.Rd3+ Kg4 65.Rc3 h2 66.c7 Re8 67.
Rc4+ Kg3 68.Rc3+ Kg2 69.Rc2+ Kg3 70.Rc1 Kg2 71.Rc2+ Kg3 1/2-1/2

[Event "20th EUR-ch"]
[Site "Skopje MKD"]
[Date "2019.03.19"]
[Round "2"]
[White "Soysal, Serkan"]
[Black "Lahav, Michal"]
[Result "1-0"]
[WhiteElo "2405"]
[BlackElo "2158"]
[EventDate "2019.03.18"]
[Board "137"]
[PlyCount "80"]

1.d4 Nf6 2.Nf3 c5 3.d5 e6 4.Nc3 exd5 5.Nxd5 Nxd5 6.Qxd5 Nc6 7.e4 d6 8.Ng5 
Qc7 9.Bc4 Ne5 10.Bb5+ Bd7 11.Bxd7+ Qxd7 12.Bf4 Nc6 13.O-O-O h6 14.Nf3 
O-O-O 15.c3 Be7 16.h4 Rhf8 17.h5 Qg4 18.Bg3 Rd7 19.Rhe1 Bf6 20.Kc2 Be5 21.
Nxe5 Nxe5 22.Re3 Kc7 23.Rd2 Kc8 24.b3 Kc7 25.f4 Nc6 26.Red3 Rfd8 27.Kb2 f5
28.Qe6 Re7 29.Qxf5 Qxf5 30.exf5 Rf7 31.Bh4 Rdd7 32.g4 Ne7 33.Re3 Nc8 34.
Re6 d5 35.f6 d4 36.cxd4 cxd4 37.Rc2+ Kb8 38.fxg7 Rxg7 39.Bf6 d3 40.Be5+ 
Nd6 1-0

[Event "20th EUR-ch"]
[Site "Skopje MKD"]
[Date "2019.03.19"]
[Round "2"]
[White "Nikolovski, Nikola"]
[Black "Mihov, Filip"]
[Result "1/2-1/2"]
[WhiteElo "2404"]
[BlackElo "2152"]
[EventDate "2019.03.18"]
[Board "138"]
[PlyCount "56"]

1.e4 e6 2.d4 d5 3.Nc3 Bb4 4.e5 Ne7 5.a3 Bxc3+ 6.bxc3 b6 7.Qg4 Ng6 8.a4 Ba6
9.Bb5+ Bxb5 10.axb5 Qd7 11.h4 h5 12.Qe2 c6 13.bxc6 Nxc6 14.Nf3 f6 15.exf6 
gxf6 16.c4 Kf7 17.Bd2 dxc4 18.Qxc4 Rhd8 19.c3 Qd5 20.Qe2 Na5 21.O-O Qc4 
22.Qe4 Qd5 23.Qd3 Rdc8 24.Rfe1 Qc4 25.Qe4 Qd5 26.Qd3 Qc4 27.Qc2 Qb3 28.Qd3
Qc4 1/2-1/2

[Event "20th EUR-ch"]
[Site "Skopje MKD"]
[Date "2019.03.19"]
[Round "2"]
[White "Atakisi, Umut"]
[Black "Risteski, Emil"]
[Result "1-0"]
[WhiteElo "2403"]
[BlackElo "2132"]
[EventDate "2019.03.18"]
[Board "139"]
[PlyCount "91"]

1.d4 Nf6 2.c4 g6 3.Nc3 Bg7 4.e4 d6 5.Nf3 O-O 6.Be2 e5 7.Be3 Ng4 8.Bg5 f6 
9.Bh4 g5 10.Bg3 Nh6 11.dxe5 dxe5 12.Qxd8 Rxd8 13.Nd5 Rd7 14.O-O-O c6 15.
Ne7+ Rxe7 16.Rd8+ Kf7 17.Rxc8 g4 18.Nh4 Re8 19.Rxe8 Kxe8 20.Nf5 Nxf5 21.
exf5 Na6 22.Bxg4 Nb4 23.a3 Bh6+ 24.Kb1 Nd3 25.Rd1 Nf4 26.Bxf4 Bxf4 27.Rd6 
Ke7 28.Re6+ Kf7 29.Bh5+ Kg7 30.Re7+ Kh6 31.Bf3 Bxh2 32.Rxb7 Bg1 33.Rf7 Kg5
34.Rxh7 Bxf2 35.Bxc6 Rc8 36.Bd5 Re8 37.Kc2 e4 38.Kd2 Kxf5 39.b4 Kf4 40.Ke2
Bg3 41.c5 Rd8 42.Bc4 a5 43.c6 Rd6 44.Bb5 e3 45.Rd7 Ke4 46.Rxd6 1-0

[Event "20th EUR-ch"]
[Site "Skopje MKD"]
[Date "2019.03.19"]
[Round "2"]
[White "Miloi, Pavel-Dan"]
[Black "Drnovsek, Gal"]
[Result "0-1"]
[WhiteElo "2119"]
[BlackElo "2402"]
[EventDate "2019.03.18"]
[Board "140"]
[PlyCount "86"]

1.e4 c5 2.Nf3 d6 3.d4 cxd4 4.Nxd4 Nf6 5.Nc3 a6 6.h3 e5 7.Nde2 h5 8.Bg5 Be6
9.g3 Nbd7 10.Bg2 Be7 11.Bxf6 Nxf6 12.Nd5 Nxd5 13.exd5 Bd7 14.Qd3 Qa5+ 15.
Qc3 Qxc3+ 16.Nxc3 b5 17.O-O Rc8 18.a3 f5 19.Rac1 h4 20.f4 hxg3 21.Ne2 exf4
22.Nxf4 Bf6 23.Rce1+ Kf7 24.c3 g5 25.Ne6 f4 26.Re4 Rcg8 27.Rf3 Be5 28.Bf1 
Bxe6 29.dxe6+ Kxe6 30.c4 g4 31.hxg4 Rxg4 32.cxb5 Rgh4 33.Bg2 axb5 34.Rb4 
Rh2 35.a4 bxa4 36.Rxa4 Rc8 37.Re4 Rc2 38.Bf1 Kf5 39.Bd3 Kg4 40.Bxc2 Kxf3 
41.Rc4 Bd4+ 42.Rxd4 Rxc2 43.Rd3+ Kg4 0-1

[Event "20th EUR-ch"]
[Site "Skopje MKD"]
[Date "2019.03.19"]
[Round "2"]
[White "Berzinsh, Roland"]
[Black "Sekelja, Marko"]
[Result "1-0"]
[WhiteElo "2397"]
[BlackElo "2120"]
[EventDate "2019.03.18"]
[Board "141"]
[PlyCount "57"]

1.e4 c6 2.d4 d5 3.e5 Bf5 4.Nf3 e6 5.Be2 Ne7 6.O-O Nd7 7.Nbd2 c5 8.c4 h6 9.
dxc5 Nc6 10.cxd5 exd5 11.Nb3 Nxc5 12.Nbd4 Bd7 13.Be3 Be7 14.Rc1 Ne6 15.Nf5
g6 16.Nd6+ Bxd6 17.exd6 Qa5 18.a3 a6 19.Rc3 d4 20.Nxd4 Ncxd4 21.Bxd4 O-O 
22.Bf6 Qf5 23.Be7 Rfc8 24.Bg4 Qa5 25.Bxe6 fxe6 26.b4 Qd5 27.Rd3 Qc4 28.Rg3
Kh7 29.Qf3 1-0

[Event "20th EUR-ch"]
[Site "Skopje MKD"]
[Date "2019.03.19"]
[Round "2"]
[White "Maloberti, David"]
[Black "Kamer, Kayra"]
[Result "1-0"]
[WhiteElo "2113"]
[BlackElo "2397"]
[EventDate "2019.03.18"]
[Board "142"]
[PlyCount "73"]

1.d4 Nf6 2.c4 g6 3.Nc3 Bg7 4.e4 d6 5.Nf3 O-O 6.Be2 Bg4 7.h3 Bxf3 8.Bxf3 
Nfd7 9.Be3 c5 10.d5 Na6 11.O-O Nc7 12.Be2 Re8 13.Qd2 e6 14.Bg5 Nf6 15.Rae1
Qd7 16.Qf4 Qe7 17.Rd1 exd5 18.exd5 b5 19.cxb5 Ncxd5 20.Nxd5 Nxd5 21.Bxe7 
Nxf4 22.Bf3 Ne2+ 23.Kh1 Rxe7 24.Bxa8 Bxb2 25.Rxd6 c4 26.Rc6 c3 27.Rd1 Re8 
28.Bb7 Rb8 29.Rd7 h5 30.a4 Kg7 31.Rc4 Kh6 32.h4 g5 33.Rxf7 gxh4 34.Be4 Rg8
35.Rc5 Rg6 36.Bxg6 Kxg6 37.Rxa7 1-0

[Event "20th EUR-ch"]
[Site "Skopje MKD"]
[Date "2019.03.19"]
[Round "2"]
[White "Ivankovic, Ivo"]
[Black "Di Benedetto, Edoardo"]
[Result "0-1"]
[WhiteElo "2109"]
[BlackElo "2394"]
[EventDate "2019.03.18"]
[Board "143"]
[PlyCount "186"]

1.c4 e6 2.Nf3 d5 3.g3 dxc4 4.Bg2 Nd7 5.Qa4 a6 6.Qxc4 b5 7.Qc6 Rb8 8.Ne5 
Bb7 9.Qxd7+ Qxd7 10.Nxd7 Kxd7 11.e4 f5 12.O-O Nf6 13.exf5 exf5 14.Bxb7 
Rxb7 15.d4 Bd6 16.Re1 Rbb8 17.Nc3 h6 18.b3 Rhe8 19.Bb2 Bb4 20.f3 Rxe1+ 21.
Rxe1 Nd5 22.Rc1 Bxc3 23.Bxc3 Rb6 24.Bd2 Rc6 25.Rxc6 Kxc6 26.Kf2 Nf6 27.Ke3
Kd5 28.Kd3 Nd7 29.Bb4 g6 30.Be7 Ke6 31.Bd8 Kd6 32.g4 Nf8 33.gxf5 gxf5 34.
Bf6 Ne6 35.h4 h5 36.Be5+ Kd5 37.Bf6 c6 38.Kc3 c5 39.dxc5 Nxc5 40.Be7 Nd7 
41.Kd3 Ne5+ 42.Ke3 Ng6 43.Bf6 f4+ 44.Kd3 Ke6 45.Bg5 Kf5 46.Bd8 Ne5+ 47.Ke2
Nc6 48.Bb6 Nb4 49.a3 Nc6 50.Kd3 Ne5+ 51.Ke2 Nd7 52.Bd4 Nf8 53.Bc3 Ng6 54.
Be1 Ke5 55.a4 bxa4 56.bxa4 Kd4 57.Bf2+ Kc4 58.Be1 Ne7 59.a5 Nf5 60.Bd2 
Nd4+ 61.Kf2 Ne6 62.Ke2 Kd4 63.Bc1 Kc3 64.Bd2+ Kc2 65.Bb4 Nd4+ 66.Kf2 Nf5 
67.Bc5 Kd3 68.Bb6 Nxh4 69.Bc7 Ng6 70.Bd6 h4 71.Bc7 h3 72.Kg1 Ke3 73.Kh2 
Kxf3 74.Kxh3 Ke2 75.Kg4 f3 76.Bb6 Ne5+ 77.Kf5 Nc4 78.Ke4 Nxa5 79.Kd5 Nb7 
80.Kc6 a5 81.Kb5 f2 82.Bxf2 Kxf2 83.Ka4 Ke3 84.Ka3 Kd4 85.Kb3 Kc5 86.Ka3 
Kb5 87.Kb3 a4+ 88.Ka3 Nc5 89.Ka2 Kb4 90.Kb2 a3+ 91.Ka2 Nd3 92.Ka1 Kb3 93.
Kb1 Nb4 0-1

[Event "20th EUR-ch"]
[Site "Skopje MKD"]
[Date "2019.03.19"]
[Round "2"]
[White "Ozen, Deniz"]
[Black "Aydincelebi, Kagan"]
[Result "1-0"]
[WhiteElo "2393"]
[BlackElo "2115"]
[EventDate "2019.03.18"]
[Board "144"]
[PlyCount "119"]

1.e4 c5 2.Nf3 Nc6 3.Bb5 g6 4.Bxc6 dxc6 5.h3 Bg7 6.d3 Nf6 7.O-O Nd7 8.Nbd2 
e5 9.a3 Qe7 10.Nc4 b6 11.b4 Ba6 12.Nfd2 O-O 13.Bb2 Rfe8 14.Bc3 Rad8 15.Qb1
Bxc4 16.Nxc4 Nf8 17.Qb2 f6 18.a4 Ne6 19.b5 cxb5 20.axb5 Nf4 21.Kh2 Kh8 22.
Rfe1 Rd7 23.Ne3 Qd6 24.Ra3 Rf8 25.g3 Ne6 26.Rea1 Rff7 27.Kg2 Nd4 28.Nc4 
Qe6 29.Bxd4 exd4 30.Nd2 f5 31.Qb3 Qxb3 32.Rxb3 fxe4 33.Nxe4 c4 34.Rb4 c3 
35.f4 Rf5 36.Kf3 Bf8 37.Rba4 Rff7 38.Rc4 h6 39.Raa4 Bg7 40.Rc6 Kh7 41.Rd6 
Rc7 42.Rc4 Rce7 43.Rcc6 Rf5 44.Rxg6 Rxb5 45.g4 Rb2 46.g5 h5 47.f5 Rf7 48.
Nf6+ Bxf6 49.Rgxf6 Rxf6 50.Rxf6 Rxc2 51.g6+ Kg7 52.Rf7+ Kg8 53.Rc7 Rc1 54.
Kg2 Rc2+ 55.Kg3 Rc1 56.Kh4 Rg1 57.Kxh5 c2 58.Rxc2 Kg7 59.Rc6 Rf1 60.f6+ 
1-0